000 02556nam0a2200373 4500
001 RU\NLR\BIBL_A\011707581
005 20180705124230.0
010 _a978-5-4479-0098-4
_9100
021 _aRU
_bКН-П-18-028478
_9КН-П-18-2081
035 _a(NLR Aleph) 011707581
035 _a(RuMoRGB)009607180
090 _a11418076
_c11418076
100 _a20180521d2017 k y0rusy50 ca
101 0 _arus
102 _aRU
105 _aa z 000zy
200 1 _aОценка состояния почвенного покрова в зоне влияния нефтехимических предприятий Волгограда с применением системы диагностических показателей различной природы
_eмонография
_fА. А. Околелова, В. Ф. Желтобрюхов, Г. С. Егорова [и др.]
_gМинистерство сельского хозяйства Российской Федерации, Департамент научно-технологической политики и образования, Федеральное государственное бюджетное образовательное учреждение высшего образования "Волгоградский государственный аграрный университет", "Волгоградский государственный технический университет"
210 _aВолгоград
_cВолгоградский ГАУ
_d2017
215 _a211 с.
_cил., табл.
_d21
320 _aБиблиогр.: с. 173-207 (477 назв.)
606 1 _aПочвенный покров
_xВлияние нефтехимических комплексов
_yВолгоград, город
_92372027
_3RU\NLR\AUTH\6601637354
606 1 _aПочвы
_xЗагрязнение нефтепродуктами
_xИсследование
_92372031
_3RU\NLR\AUTH\6601637356
686 _aП9(2Р354-4Во)03,0
_2rubbk
686 _aП035.8,9,0
_2rubbk
686 1 _aП035.8(2Р354-4Во-2)
686 1 _aП035
701 1 _aОколелова
_bА. А.
_f1953-
_gАлла Ароновна
701 1 _aЖелтобрюхов
_bВ. Ф.
_f1963
_gВладимир Федорович
701 1 _7ca
_8rus
_aЕгорова
_bГ. С.
_cд-р с.-х. наук
_gГалина Сергеевна
_911865
_3RU\NLR\AUTH\7728835
942 _cBOOK
980 _aNBR
980 _aNB